The attitudes of today’s youth to the problem of longevity: the results ofa sociological survey; Journal of Economics and Social Sciences; № 12
| Parent link: | Journal of Economics and Social Sciences: electronic scientific journal.— , 2012-.— 2312-2978 № 12.— 2018.— [4 p.] |
|---|---|
| Hlavní autor: | |
| Korporativní autor: | |
| Další autoři: | |
| Shrnutí: | Title screen In this paper topical issues in the field of sociological research, namely, the issue of longevity and eternal life, which is always excited the person are considered. Information on various studies related to the scientific developments of scientists on this issue in various fields of science, as well as the state of some studies of modern scientists is provided. Having studied new different materials, the questionnaire for survey was made. The results of a sociological survey of students from different educational institutions (college and universities) of the city Tomsk are given, and the results of this sociological survey have beenanalyzed. |
| Jazyk: | angličtina |
| Vydáno: |
2018
|
| Edice: | Социологические науки |
| Témata: | |
| On-line přístup: | http://earchive.tpu.ru/handle/11683/49531 |
| Médium: | Elektronický zdroj Kapitola |
| KOHA link: | https://koha.lib.tpu.ru/cgi-bin/koha/opac-detail.pl?biblionumber=578273 |
MARC
| LEADER | 00000naa2a2200000 4500 | ||
|---|---|---|---|
| 001 | 578273 | ||
| 005 | 20231101130438.0 | ||
| 035 | |a (RuTPU)RU\TPU\prd\277826 | ||
| 035 | |a RU\TPU\prd\277823 | ||
| 090 | |a 578273 | ||
| 100 | |a 20180620a2018 k y0rusy50 ba | ||
| 101 | 0 | |a eng | |
| 102 | |a RU | ||
| 135 | |a drcn ---uucaa | ||
| 181 | 0 | |a i | |
| 182 | 0 | |a b | |
| 200 | 1 | |a The attitudes of today’s youth to the problem of longevity: the results ofa sociological survey |f N. Skripchenko, V. Fadeev | |
| 203 | |a Text |c electronic | ||
| 215 | |a 1 файл (159 Кб) | ||
| 225 | 1 | |a Социологические науки | |
| 230 | |a Электронные текстовые данные (1 файл : 159 Кб) | ||
| 300 | |a Title screen | ||
| 320 | |a [References: 6 tit.] | ||
| 330 | |a In this paper topical issues in the field of sociological research, namely, the issue of longevity and eternal life, which is always excited the person are considered. Information on various studies related to the scientific developments of scientists on this issue in various fields of science, as well as the state of some studies of modern scientists is provided. Having studied new different materials, the questionnaire for survey was made. The results of a sociological survey of students from different educational institutions (college and universities) of the city Tomsk are given, and the results of this sociological survey have beenanalyzed. | ||
| 461 | 1 | |0 (RuTPU)RU\TPU\prd\225573 |x 2312-2978 |t Journal of Economics and Social Sciences |o electronic scientific journal |d 2012- | |
| 463 | 1 | |0 (RuTPU)RU\TPU\prd\277806 |t № 12 |v [4 p.] |d 2018 | |
| 610 | 1 | |a труды учёных ТПУ | |
| 610 | 1 | |a электронный ресурс | |
| 610 | 1 | |a longevity | |
| 610 | 1 | |a sociological researcehs | |
| 610 | 1 | |a survey | |
| 610 | 1 | |a долголетие | |
| 610 | 1 | |a социологические исследования | |
| 610 | 1 | |a опрос | |
| 700 | 1 | |a Skripchenko |b N. |g Natalja | |
| 701 | 1 | |a Fadeev |b V. |g Vladimir | |
| 712 | 0 | 2 | |a National Research Tomsk Polytechnic University (TPU) |2 stltpush |3 (RuTPU)RU\TPU\col\18773 |
| 801 | 1 | |a RU |b 63413507 |c 20090623 |g PSBO | |
| 801 | 2 | |a RU |b 63413507 |c 20180718 |g PSBO | |
| 856 | 4 | |u http://earchive.tpu.ru/handle/11683/49531 | |
| 942 | |c BK | ||